Statistics for Plants vs Zombies - List of Plants

Click here to take the quiz!

General Stats

  • This quiz has been taken 1,503 times
    (1,365 since last reset)
  • The average score is 24 of 49

Answer Stats

Plant% Correct
Peashooter
97%
Sunflower
96%
Wall-nut
85%
Cherry bomb
75%
Repeater
74%
Tall-nut
70%
Potato mine
69%
Lily pad
68%
Chomper
67%
Doom-shroom
65%
Sun-shroom
65%
Puff-shroom
63%
Snow pea
59%
Cabbage-pult
57%
Threepeater
57%
Fume-shroom
56%
Melon-pult
53%
Ice-shroom
52%
Squash
51%
Hypno-shroom
50%
Jalapeno
50%
Scaredy-shroom
50%
Kernel-pult
48%
Cactus
47%
Spikeweed
47%
Cattail
46%
Torchwood
46%
Twin sunflower
46%
Grave buster
44%
Gatling pea
43%
Pumpkin
43%
Magnet-shroom
40%
Winter melon
40%
Sea-shroom
39%
Tangle kelp
38%
Flower pot
36%
Blover
35%
Plantern
34%
Cob cannon
33%
Coffee bean
33%
Gloom-shroom
33%
Spikerock
33%
Starfruit
33%
Marigold
30%
Garlic
29%
Split pea
27%
Umbrella leaf
24%
Imitator
23%
Gold magnet
22%

Score Distribution

Percentile by Number Answered

Percent of People with Each Score

Your Score History

You have not taken this quiz since the last reset